Khảo sát một số đặc tính sinh học của hai giống dừa lấy dầu ta xanh và ta vàng trên ba vùng sinh thái ở tỉnh Bến Tre : Luận văn thạc sĩ Khoa học chuyên ngành Công nghệ Sinh học

Khảo sát một số đặc tính sinh học của hai giống dừa lấy dầu ta xanh và ta vàng trên ba vùng sinh thái ở tỉnh Bến Tre, so sánh đặc điểm sinh trưởng, hàm lượng dầu của hai giống dừa và Ta Xanh và Ta Vàng ở ba vùng sinh thái của Tỉnh Bến Tre...

Celý popis

Uloženo v:
Podrobná bibliografie
Hlavní autor: Nguyễn, Huy Thảo
Médium: Kniha
Jazyk:Undetermined
Vydáno: Cần Thơ Trường Đại học Cần Thơ 2010
Témata:
Tagy: Přidat tag
Žádné tagy, Buďte první, kdo otaguje tento záznam!
Thư viện lưu trữ: Trung tâm Học liệu Trường Đại học Cần Thơ
LEADER 01243nam a2200217Ia 4500
001 CTU_162689
008 210402s9999 xx 000 0 und d
082 |a 665.355 
082 |b Th108 
088 |a 60420201 
100 |a Nguyễn, Huy Thảo 
245 0 |a Khảo sát một số đặc tính sinh học của hai giống dừa lấy dầu ta xanh và ta vàng trên ba vùng sinh thái ở tỉnh Bến Tre : 
245 0 |b Luận văn thạc sĩ Khoa học chuyên ngành Công nghệ Sinh học 
245 0 |c Nguyễn Huy Thảo; Nguyễn Bảo Vệ (Hướng dẫn Khoa học) 
260 |a Cần Thơ 
260 |b Trường Đại học Cần Thơ 
260 |c 2010 
520 |a Khảo sát một số đặc tính sinh học của hai giống dừa lấy dầu ta xanh và ta vàng trên ba vùng sinh thái ở tỉnh Bến Tre, so sánh đặc điểm sinh trưởng, hàm lượng dầu của hai giống dừa và Ta Xanh và Ta Vàng ở ba vùng sinh thái của Tỉnh Bến Tre 
650 |a Dầu dừa,Coconut oil 
904 |i Quyền, Hải 
980 |a Trung tâm Học liệu Trường Đại học Cần Thơ